[Event "ICS Rated standard match"]
[Site "204.178.125.65"]
[Date "1999.11.18"]
[Round "?"]
[White "Hossa"]
[Black "SharpShooter"]
[Result "0-1"]
[WhiteElo "2250"]
[BlackElo "2420"]
[PlyCount "112"]
[EventDate "1999.??.??"]

1. e4 d5 2. exd5 Nf6 3. d4 Bg4 4. Bb5+ Nbd7 5. f3 Bf5 6. Nc3 a6 7. Ba4 b5 8.
Bb3 Nb6 9. Nge2 Nbxd5 10. g4 Be6 11. Ne4 Bc8 12. g5 Nxe4 13. fxe4 Nb6 14. Qd3
e6 15. O-O Be7 16. Qg3 Bb7 17. Qg4 Qd7 18. c3 O-O 19. Qf4 c5 20. Qg4 Qc6 21.
Ng3 Rad8 22. Be3 a5 23. Qe2 a4 24. Bc2 Nc4 25. Rf2 cxd4 26. cxd4 Qd7 27. Rd1
Nxb2 28. Rdf1 Nc4 29. Rd1 Nxe3 30. Qxe3 b4 31. e5 Bd5 32. Bb1 b3 33. Qd3 g6 34.
Qe3 Rb8 35. axb3 Rxb3 36. Qf4 Qd8 37. h4 Rb4 38. Ne4 Bxe4 39. Qxe4 Qd7 40. Qf4
Bc5 41. Rfd2 Rxd4 42. Rxd4 Rd8 43. Kh1 Bxd4 44. Be4 a3 45. Rd2 Qc7 46. Kg2 Qc1
47. h5 a2 48. hxg6 hxg6 49. Bf3 a1=Q 50. Kh3 Qac3 51. Rd3 Qxf4 52. Rxc3 Bxc3
53. Bh5 Rd3+ 54. Bf3 Rxf3+ 55. Kg2 Qg3+ 56. Kh1 56... Rf1# {Hossa checkmated}
0-1

[Event "ICS Rated standard match"]
[Site "204.178.125.65"]
[Date "1999.11.18"]
[Round "?"]
[White "sphere"]
[Black "Hossa"]
[Result "1/2-1/2"]
[WhiteElo "2200"]
[BlackElo "2241"]
[PlyCount "119"]
[EventDate "1999.??.??"]

1. e4 c5 2. Nf3 e6 3. d4 cxd4 4. Nxd4 a6 5. Bd3 Nf6 6. O-O e5 7. Nf3 Nc6 8. Nc3
d6 9. Be3 d5 10. exd5 Nxd5 11. Nxd5 Qxd5 12. c4 Qd8 13. Be4 Qxd1 14. Raxd1 Bg4
15. Bd5 Bb4 16. Bb6 O-O 17. a3 Be7 18. h3 Bf5 19. Rfe1 Bf6 20. Bxc6 bxc6 21.
Nxe5 Rfb8 22. c5 Rc8 23. f4 Bh4 24. Re3 Be6 25. Rd6 Bd5 26. Rd7 a5 27. g3 Bf6
28. h4 a4 29. h5 Re8 30. Kf2 Rac8 31. Ra7 Ra8 32. Rxa8 Rxa8 33. Bc7 g6 34. h6
Rc8 35. Bd6 g5 36. Ke1 gxf4 37. gxf4 Re8 38. Kd2 Bh4 39. Rh3 Bf6 40. Rg3+ Kh8
41. Kc3 Bh4 42. Rg7 Bf6 43. Rg4 Be6 44. Rg1 Rg8 45. Rxg8+ Kxg8 46. Kb4 Bxe5 47.
fxe5 Bb3 48. Ka5 Bd1 49. Kb6 Bf3 50. Be7 Be4 51. Kc7 Bf3 52. Kd6 Be4 53. Bf6
Kf8 54. Kd7 Bf3 55. Bg7+ Kg8 56. Ke8 Bh5 57. Kd8 Bf3 58. Ke8 Bh5 59. Kd8 Bf3
60. Ke8 {Game drawn by repetition} 1/2-1/2

[Event "ICS rated blitz match"]
[Site "204.178.125.65"]
[Date "1999.11.18"]
[Round "?"]
[White "BlondeKramnik"]
[Black "Hossa"]
[Result "1-0"]
[WhiteElo "2346"]
[BlackElo "2320"]
[PlyCount "97"]
[EventDate "1999.??.??"]

1. d4 e6 2. c4 Nf6 3. Nc3 Bb4 4. Qc2 d5 5. cxd5 exd5 6. Bg5 Nbd7 7. e3 c5 8.
Nf3 cxd4 9. exd4 O-O 10. Be2 Qc7 11. O-O h6 12. Bh4 Ne4 13. Rac1 Nxc3 14. bxc3
Ba3 15. Rb1 Nb6 16. Ne5 Bd6 17. Bg3 Rd8 18. Bd3 Be6 19. f4 Kh8 20. f5 Bc8 21.
f6 g5 22. Bf5 Rf8 23. Rbe1 Bxf5 24. Qxf5 Qxc3 25. Qh3 Kh7 26. Ng4 Qxd4+ 27. Bf2
Qxg4 28. Qxg4 Rfd8 29. Qf5+ Kg8 30. h4 Nc4 31. hxg5 Bb4 32. gxh6 Bf8 33. Qg5+
Kh8 34. Re7 Nd6 35. Bd4 a6 36. Rf3 Ne4 37. Qf5 Nd6 38. Qh5 Rac8 39. Rh3 Rc1+
40. Kh2 Rcc8 41. Qg5 Kh7 42. Re5 Nb5 43. Be3 Rc4 44. Rg3 Rh4+ 45. Qxh4 d4 46.
Qg5 dxe3 47. Qg8+ Kxh6 48. Rh5+ Kxh5 49. Qg5# {Hossa checkmated} 1-0

[Event "ICS rated blitz match"]
[Site "204.178.125.65"]
[Date "1999.11.18"]
[Round "?"]
[White "Hossa"]
[Black "MissSilicon"]
[Result "0-1"]
[WhiteElo "2305"]
[BlackElo "2634"]
[PlyCount "192"]
[EventDate "1999.??.??"]

1. d4 f5 2. g3 e6 3. Bg2 Nf6 4. Nf3 Be7 5. O-O O-O 6. Bg5 Nc6 7. c4 d5 8. cxd5
Nxd5 9. Bxe7 Qxe7 10. e3 b6 11. Qd2 Ba6 12. Rc1 Qd7 13. Nc3 Rad8 14. Nxd5 exd5
15. Qc3 Bb7 16. b4 Rc8 17. a3 Rfe8 18. Qd3 Qe6 19. Ng5 Qd7 20. Qd1 Rcd8 21. Qh5
h6 22. Nf3 Ba6 23. Nh4 Ne7 24. Ng6 Nxg6 25. Qxg6 Re7 26. Rc3 Rf8 27. Qc6 Bc4
28. Rxc4 dxc4 29. Qxc4+ Kh7 30. Rc1 Qc8 31. b5 Qd7 32. Bc6 Qc8 33. Qa4 Qb8 34.
Rc3 Rd8 35. Qc2 g6 36. Qd3 Qc8 37. Qf1 Qe6 38. Bg2 Rd6 39. Qd3 Qa2 40. Rc1 Kh8
41. Bc6 Kg8 42. Qd1 Qxa3 43. Ra1 Qc3 44. Rxa7 Rd8 45. Kg2 Qc4 46. Kh1 Kh7 47.
Kg1 Qc3 48. Kg2 Qb4 49. Qc1 Qb3 50. Qf1 Qc2 51. Kh1 Kg7 52. Kg1 Kf7 53. Ra1 Qb3
54. Qh3 Qb2 55. Rf1 Kg7 56. Qh4 Qb4 57. Ra1 g5 58. Qh5 Qb2 59. Rf1 Qc2 60. h4
g4 61. Ra1 Qb2 62. Re1 Qd2 63. Rb1 Qd3 64. Ra1 Qc2 65. Rf1 Rf8 66. Re1 Kh7 67.
Ra1 Qc3 68. Rf1 Qd3 69. d5 Qc2 70. Ra1 Qb2 71. Re1 Qd2 72. Rf1 Qd3 73. Kg2 Qc2
74. Re1 f4 75. gxf4 Rf5 76. Qxg4 Rg7 77. Qxg7+ Kxg7 78. Kg3 Rf6 79. Kf3 Qg6 80.
Rh1 Qh5+ 81. Ke4 Qg4 82. f3 Qg6+ 83. Ke5 Qg2 84. Rd1 Qb2+ 85. Ke4 Qb4+ 86. Rd4
Qb1+ 87. Rd3 Rf7 88. f5 Re7+ 89. Kf4 Qxd3 90. e4 Qd2+ 91. Kg4 h5+ 92. Kxh5 Qf4
93. d6 Re5 94. Bd7 Qxf3+ 95. Kg5 Qg2+ 96. Kh5 96... Qg6# {Hossa checkmated} 0-1

[Event "ICS rated blitz match"]
[Site "204.178.125.65"]
[Date "1999.11.18"]
[Round "?"]
[White "Hossa"]
[Black "SharpShooter"]
[Result "0-1"]
[WhiteElo "2301"]
[BlackElo "2535"]
[PlyCount "102"]
[EventDate "1999.??.??"]

1. d4 d5 2. Nf3 Nf6 3. Bg5 Ne4 4. Bf4 c5 5. e3 Qb6 6. Qc1 Nc6 7. dxc5 Qxc5 8.
Nbd2 f6 9. Nxe4 dxe4 10. Nd2 e5 11. Bg3 Bf5 12. Nb3 Qd5 13. Be2 h5 14. h4 O-O-O
15. O-O Be7 16. Rd1 Qf7 17. Bb5 Qe6 18. Nd2 Bg4 19. f3 exf3 20. gxf3 Bh3 21.
Bc4 Qd7 22. Bb5 Kb8 23. c3 Qc7 24. Bf2 g5 25. Kh2 Be6 26. hxg5 fxg5 27. Qc2 e4+
28. Bg3 Bd6 29. Bxd6 Rxd6 30. Kg2 exf3+ 31. Nxf3 h4 32. Rxd6 Qxd6 33. Kf1 Rf8
34. Qf2 g4 35. Ke2 Rxf3 36. Qg1 h3 37. Rd1 h2 38. Qg2 Qe5 39. Rd3 Qg3 40. Qxg3+
Rxg3 41. Bxc6 bxc6 42. Rd8+ Kc7 43. Rh8 Rh3 44. Rxh3 gxh3 45. b4 h1=Q 46. c4
Bxc4+ 47. Kd2 Qd5+ 48. Kc1 h2 49. b5 Qg2 50. b6+ Kxb6 51. e4 51... h1=Q# {
Hossa checkmated} 0-1

[Event "ICS rated bullet match"]
[Site "204.178.125.65"]
[Date "1999.11.18"]
[Round "?"]
[White "Hossa"]
[Black "lhg"]
[Result "0-1"]
[WhiteElo "2454"]
[BlackElo "2151"]
[PlyCount "164"]
[EventDate "1999.??.??"]

1. d4 d5 2. c4 e6 3. Nc3 Nf6 4. Bg5 Be7 5. e3 Nbd7 6. Nf3 O-O 7. Bd3 dxc4 8.
Bxc4 a6 9. O-O b5 10. Bd3 Bb7 11. Nd2 h6 12. Bxf6 Nxf6 13. Nde4 Bxe4 14. Nxe4
Rc8 15. Nxf6+ Bxf6 16. Qc2 Qd6 17. Rac1 e5 18. Bf5 Rcd8 19. dxe5 Qxe5 20. b4 g6
21. Bg4 h5 22. Bh3 Kg7 23. Qxc7 Qxc7 24. Rxc7 Rd2 25. Be6 Bc3 26. Rxc3 fxe6 27.
Rc6 Rxa2 28. Rxe6 Rf6 29. Rxf6 Kxf6 30. f3 Ke5 31. Rc1 Ra4 32. Rc5+ Kd6 33. Rg5
Kc7 34. Rxg6 Kb7 35. Rg7+ Kb6 36. Rh7 Rxb4 37. Rh6+ Kb7 38. Rxh5 a5 39. g4 a4
40. h4 a3 41. Rh7+ Kb8 42. Rh8+ Kb7 43. Kh2 a2 44. Rh7+ Kb6 45. Rh6+ Ka5 46.
Rh8 Ra4 47. Ra8+ Kb4 48. Re8 a1=Q 49. h5 Ra2+ 50. Kg3 Qg1+ 51. Kf4 Qh2+ 52. Kg5
Qg3 53. Re4+ Ka5 54. f4 Rg2 55. f5 Qf3 56. Re5 Re2 57. Re7 Rg2 58. Re5 Ka4 59.
Kf6 Rxg4 60. Re6 Rh4 61. Ra6+ Kb4 62. Re6 Rxh5 63. e4 Rh4 64. Kf7 Rxe4 65. Kg8
Rxe6 66. fxe6 Qe4 67. Kf7 Qxe6+ 68. Kxe6 Kc4 69. Kd6 b4 70. Ke5 b3 71. Ke6 b2
72. Ke5 b1=Q 73. Ke6 Qb5 74. Kf6 Qd5 75. Kg6 Kd4 76. Kf6 Qe5+ 77. Kg6 Ke4 78.
Kh6 Qf5 79. Kg7 Ke5 80. Kh6 Qg4 81. Kh7 Kf6 82. Kh8 82... Qg7# {
Hossa checkmated} 0-1

[Event "ICS rated blitz match"]
[Site "204.178.125.65"]
[Date "1999.11.18"]
[Round "?"]
[White "desba"]
[Black "Hossa"]
[Result "0-1"]
[WhiteElo "2056"]
[BlackElo "2294"]
[PlyCount "29"]
[EventDate "1999.??.??"]

1. e4 d5 2. exd5 Nf6 3. d4 Bg4 4. Be2 Bxe2 5. Nxe2 Qxd5 6. O-O Nc6 7. Nbc3 Qf5
8. Ng3 Qa5 9. Bd2 Nxd4 10. b4 Qa3 11. Nce4 Nxe4 12. Nxe4 Nf5 13. Rb1 Qxa2 14.
Qf3 Nd4 15. Qc3 {desba resigns} 0-1

[Event "ICS Rated blitz match"]
[Site "204.178.125.65"]
[Date "1999.11.18"]
[Round "?"]
[White "Hossa"]
[Black "SharpShooter"]
[Result "0-1"]
[WhiteElo "2300"]
[BlackElo "2555"]
[PlyCount "178"]
[EventDate "1999.??.??"]

1. d4 d5 2. c4 Nc6 3. Nf3 Bg4 4. cxd5 Qxd5 5. Nc3 Qa5 6. d5 O-O-O 7. Bd2 Bxf3
8. gxf3 Ne5 9. e4 Qb6 10. Be2 e6 11. f4 Ng6 12. Qb3 Qxb3 13. axb3 Bc5 14. b4
Bb6 15. Rd1 Nf6 16. dxe6 fxe6 17. e5 Nd7 18. Bg4 Rhe8 19. O-O Kb8 20. Rfe1 Ngf8
21. Bc1 g6 22. Na4 c6 23. Re4 a6 24. Nc3 Re7 25. Re2 h5 26. Bh3 Bc7 27. Be3
Rde8 28. Ne4 Bb6 29. Bc1 h4 30. Ng5 Bc7 31. Red2 Nb6 32. Rd4 Nd5 33. Bd2 Bb6
34. Rc4 Rd8 35. Bc1 Rdd7 36. Bg4 Re8 37. Bd2 Bc7 38. b3 Nb6 39. Rcc1 Rd3 40.
Bc3 Rxd1+ 41. Rxd1 Nd5 42. Bd2 Bb6 43. Rc1 Ka7 44. Rc4 Bd8 45. Nf7 Bc7 46. Rd4
Re7 47. Ng5 Bd8 48. Kf1 Re8 49. Nf7 Bb6 50. Rd3 Re7 51. Ng5 Re8 52. Ke2 Bd8 53.
Nf7 Be7 54. Rd4 Kb6 55. Kf3 Rb8 56. Kg2 Rc8 57. Kh3 Ka7 58. Ng5 Rd8 59. Kxh4 c5
60. Rd3 Nxb4 61. Rxd8 Bxd8 62. Be3 Kb6 63. Be2 Nd5 64. Bd2 Kc6 65. Bd3 a5 66.
Kg4 b5 67. Nf7 Bc7 68. Nh8 a4 69. bxa4 bxa4 70. Nxg6 a3 71. Bc1 a2 72. Bb2 c4
73. Be4 Nxg6 74. Bxg6 Bb6 75. Kg3 Bd4 76. Bxd4 c3 77. Be8+ Kc7 78. Bf7 a1=Q 79.
Bxe6 Qg1+ 80. Kf3 Qd1+ 81. Ke4 c2 82. Bb2 Qb1 83. Bc1 Qxc1 84. Bxd5 Qd2 85. Ba8
c1=Q 86. Kf5 Qxf4+ 87. Kg6 Qg1+ 88. Bg2 Qxg2+ 89. Kh5 89... Qfxh2# {
Hossa checkmated} 0-1

[Event "ICS Rated blitz match"]
[Site "204.178.125.65"]
[Date "1999.11.18"]
[Round "?"]
[White "EXchess"]
[Black "Hossa"]
[Result "1-0"]
[WhiteElo "2484"]
[BlackElo "2294"]
[PlyCount "77"]
[EventDate "1999.??.??"]

1. e4 d5 2. exd5 Nf6 3. Nc3 Nxd5 4. Bc4 Nxc3 5. Qf3 f6 6. dxc3 Nc6 7. Qh5+ g6
8. Qb5 e5 9. Bd5 Qd7 10. Ne2 a6 11. Qc4 Na5 12. Qd3 Qe7 13. Ng3 c6 14. Bf3 Be6
15. Ne2 Rd8 16. Qe3 Nc4 17. Qa7 Bf5 18. Ng3 Bxc2 19. Be2 Nd6 20. Be3 Nc8 21.
Qa8 Nb6 22. Qa7 Nd5 23. Rc1 Nxe3 24. Qxe3 Ba4 25. O-O c5 26. Bc4 Bc6 27. Rfd1
Rxd1+ 28. Rxd1 f5 29. Qd3 e4 30. Nxe4 Bxe4 31. Qg3 Bd5 32. Bxd5 Qg7 33. Qb8+
Ke7 34. f4 g5 35. Qxb7+ Kf6 36. Qc6+ Ke7 37. Re1+ Qe5 38. Rxe5+ Kd8 39. Re8# {
Hossa checkmated} 1-0

[Event "ICS rated blitz match"]
[Site "204.178.125.65"]
[Date "1999.11.19"]
[Round "?"]
[White "imbecile"]
[Black "Hossa"]
[Result "0-1"]
[WhiteElo "1983"]
[BlackElo "2286"]
[PlyCount "52"]
[EventDate "1999.??.??"]

1. d4 d5 2. c4 e6 3. Nc3 Nf6 4. e3 Bb4 5. Nf3 O-O 6. a3 Bd6 7. Qc2 Nc6 8. cxd5
exd5 9. b4 Re8 10. Bd3 Bg4 11. Be2 Qd7 12. h3 Bf5 13. Bd3 Bxb4 14. Bxf5 Bxc3+
15. Kf1 Qxf5 16. Qxf5 Bxa1 17. Qb1 Bc3 18. Qxb7 Na5 19. Qa6 Nc4 20. Ke2 c5 21.
dxc5 Ne4 22. Rd1 Nxc5 23. Qc6 Ne4 24. Qxd5 Nb2 25. Bxb2 Bxb2 26. Rb1 26... Nc3+
{imbecile resigns} 0-1

[Event "ICS rated blitz match"]
[Site "204.178.125.65"]
[Date "1999.11.19"]
[Round "?"]
[White "Hossa"]
[Black "BountyHunter"]
[Result "0-1"]
[WhiteElo "2291"]
[BlackElo "2650"]
[PlyCount "130"]
[EventDate "1999.??.??"]

1. e4 c5 2. Nf3 d6 3. d4 Nf6 4. dxc5 Qa5+ 5. Bd2 Qxc5 6. Bd3 Nc6 7. O-O Bg4 8.
Nc3 Qb6 9. Be2 Bxf3 10. Bxf3 Nd4 11. Rb1 e6 12. Be3 Nxf3+ 13. Qxf3 Qc6 14. Rbd1
Be7 15. Rfe1 O-O 16. Qg3 Rfc8 17. Bh6 Ne8 18. Bg5 Bxg5 19. Qxg5 Qb6 20. Rb1 Nf6
21. Red1 Rc4 22. Re1 Rb4 23. Qc1 Rc8 24. a3 Rd4 25. Qg5 h6 26. Qe3 Qc5 27. Qf3
Rd2 28. Re2 Rxe2 29. Qxe2 Qb6 30. Qd3 Ng4 31. Nd1 Ne5 32. Qd2 Rc4 33. Nc3 Rd4
34. Qe2 Nc4 35. Qe1 Qa5 36. Qf1 a6 37. Qe2 Nxb2 38. Qe3 Qc5 39. h3 Nc4 40. Qf4
b5 41. Ra1 Nxa3 42. Ne2 g5 43. Qf3 Nxc2 44. Rxa6 Ra4 45. Rxa4 bxa4 46. Qd3 a3
47. Qa6 Kg7 48. Qa4 Ne1 49. Qd1 Qb4 50. h4 Kg8 51. Qc1 Qxe4 52. Qxe1 a2 53. Qc1
Qb1 54. Qxb1 axb1=Q+ 55. Kh2 Qe1 56. Ng3 gxh4 57. Nh1 d5 58. f3 d4 59. g3 d3
60. Kg2 h3+ 61. Kxh3 Qxh1+ 62. Kg4 d2 63. Kf4 d1=Q 64. Ke5 Qhxf3 65. g4 65...
Qdd5# {Hossa checkmated} 0-1

[Event "ICS rated bullet match"]
[Site "204.178.125.65"]
[Date "1999.11.19"]
[Round "?"]
[White "Heian"]
[Black "Hossa"]
[Result "0-1"]
[WhiteElo "1406"]
[BlackElo "2427"]
[PlyCount "52"]
[EventDate "1999.??.??"]

1. e4 e5 2. Nf3 d6 3. Bc4 Be7 4. d3 Nc6 5. O-O Nf6 6. Kh1 Na5 7. Bb3 Nxb3 8.
axb3 O-O 9. Be3 Ng4 10. Nbd2 f5 11. exf5 Bxf5 12. Bxa7 b6 13. c4 Bxd3 14. b4
Bxf1 15. Qxf1 Rf4 16. c5 dxc5 17. bxc5 Bxc5 18. g3 Nxf2+ 19. Kg2 Rb4 20. Bxb6
cxb6 21. Rxa8 Qxa8 22. b3 e4 23. Ne5 Qd5 24. Nec4 b5 25. h4 bxc4 26. bxc4 26...
Qxd2 {Heian resigns} 0-1

[Event "ICS rated standard match"]
[Site "204.178.125.65"]
[Date "1999.11.19"]
[Round "?"]
[White "star"]
[Black "Hossa"]
[Result "0-1"]
[WhiteElo "2412"]
[BlackElo "2270"]
[Annotator "Hiarcs 7.32 (22s)"]
[PlyCount "286"]
[EventDate "1999.??.??"]

1. d4 1... d5 {Opening = D37 - 4.Nf3 ---} 2. Nf3 Nf6 3. c4 e6 4. Nc3 Be7 5. Bf4
c5 6. Bxb8 $11 (6. dxc5 6... Bxc5 $14) 6... Rxb8 7. cxd5 Nxd5 8. e3 {
Kontrolliert f4} 8... Nxc3 9. bxc3 Qa5 10. Rb1 $19 (10. Qd3 $5 $15 $142 {
sieht spielbar aus}) 10... Qxc3+ 11. Qd2 Qxd2+ 12. Kxd2 O-O 13. dxc5 Rd8+ 14.
Bd3 Bxc5 15. Rhc1 Bd6 16. Ke2 Bd7 17. Be4 b6 18. Rc4 Rbc8 19. Rd4 f5 20. Bd3
Bc5 21. Rf4 Be7 22. Rc4 Bf6 23. Nd4 Rc5 24. Rxc5 bxc5 25. Nb3 Rc8 26. Rd1 26...
Be8 $17 (26... Rc7 $5 $19) 27. Bc4 Rc6 28. Bb5 Bh5+ 29. f3 Rb6 30. Bc4 {
Nicht von der Hand zu weisen} 30... Be8 31. Nxc5 Kf7 32. Nd3 g5 33. Rc1 Ke7 34.
Bb3 Rc6 35. Bc4 Bf7 36. Kd2 h5 37. f4 Kd6 38. Ne1 g4 39. Nd3 Rc7 40. h3 40...
g3 $11 (40... gxh3 41. gxh3 Be8 42. Nf2 $17) 41. a4 $17 (41. Bb3 $5 $11 {
ist bedenkenswert}) 41... Bg6 $15 (41... Be8 42. a5 $17) 42. Bb3 Rxc1 43. Nxc1
Be8 44. Nd3 Bc6 45. Ne1 Kd7 46. Ke2 a5 47. Nf3 Kd6 48. Bc2 Bb7 49. Bb1 Bd5 50.
Bd3 h4 51. Bb5 Be4 52. Bd3 Bc6 53. Bc2 Ba8 54. Bb1 Bd5 55. Bd3 Kc5 56. Bb5 Be4
57. Bd7 Kd6 58. Bb5 Bb7 59. Bd3 Kc5 60. Bb5 Bd5 61. Ne1 Be4 62. Nd3+ Kd6 63.
Ne1 Bb7 64. Nf3 Kc5 65. Ne1 65... Kb4 {Der schwarze Koenig wird gefaehrlich}
66. Nd3+ Kc3 67. Ne1 e5 68. Nf3 exf4 69. exf4 Be4 70. Ke3 Kb4 71. Ne1 Kb3 72.
Nf3 Ka3 73. Ne1 Bd8 74. Kd2 Kb3 75. Ke2 Bf6 76. Bd7 Kb4 77. Bb5 Be7 78. Nf3 $17
(78. Ke3 78... Kb3 $15) 78... Kc3 $15 (78... Bc2 79. Bd3 Bxa4 80. Bxf5 $17) 79.
Ke3 $17 (79. Ne1 79... Bd5 $15) 79... Bf6 $15 (79... Bc2 80. Ke2 $17) 80. Ke2
Bd8 81. Ke3 Be7 82. Ke2 Kb4 83. Be8 Bf6 84. Ne1 Kc3 85. Bd7 Kb3 86. Nf3 Kb4 87.
Ne1 Be7 88. Bb5 Ka3 89. Bd7 Ka2 90. Nf3 Kb2 91. Ke3 Kc1 92. Bb5 92... Kd1 $11 (
92... Kc2 93. Nd4+ Kb2 94. Bc6 $11) 93. Be2+ Kc2 94. Bb5 Bf6 95. Bd7 Kb2 96.
Ne1 Ka2 97. Ke2 Bd8 98. Bb5 Kb3 99. Nf3 Ka3 100. Ne1 Kb4 101. Bd7 Kc3 102. Nf3
Bd3+ 103. Ke1 Bc2 104. Ne5 Bf6 105. Ke2 105... Bb1 $15 (105... Kd4 106. Nf3+
Ke4 107. Ne1 $17) 106. Bb5 Kd4 107. Nc6+ (107. Nf3+ 107... Kc5 $15) 107... Kc5
108. Nb8 Bd4 109. Nd7+ 109... Kb4 $11 {Schwarz aktiviert den Koenig} (109...
Kd6 $5 $15 {ist zu erwaegen}) 110. Ne5 Bc3 111. Nf3 Bf6 112. Ne1 Ka3 113. Kd2
Kb3 114. Nd3 Bg7 115. Nc5+ Ka3 116. Ne6 Bh6 117. Bc6 Ba2 118. Ng5 Bb3 119. Nh7
Bxf4+ 120. Kd3 (120. Kc3 {hilft allerdings auch nicht} 120... Bxa4 121. Bb7
Be5+ 122. Kd2 122... Kb2 $19) 120... Bxa4 121. Bxa4 (121. Bf3 Kb2 122. Kd4
122... Bb3 $19) 121... Kxa4 122. Kc4 (122. Nf8 122... Kb3 $1 {
zwingend und schoen} 123. Ne6 a4 124. Nxf4 124... a3 $19) 122... Ka3 123. Nf6 (
123. Nf8 {bietet noch letzte Rettungschancen} 123... a4 $1 {macht alles klar}
124. Kc3 Bd2+ 125. Kxd2 $19) 123... Bc1 (123... a4 $142 {
und Weiss kann direkt aufgeben} 124. Nd5 Bc1 125. Nc3 $19) 124. Nd7 (124. Nd5
$19 {ist noch eine duenne Chance}) 124... a4 125. Ne5 Ka2 (125... f4 $142 {
und Schwarz gewinnt} 126. Kd5 Kb3 127. Ke4 $19) 126. Nd3 (126. Kd3 {
wuerde die Partie noch etwas verlaengern} 126... Kb1 127. Nc4 $19) 126... Kb1
127. Nc5 a3 128. Na4 128... Kc2 $1 {glaenzend gespielt} 129. Nc3 129... f4 $1 {
logisch und kraftvoll} 130. Nb5 a2 131. Nd4+ Kd1 132. Nb3 f3 133. gxf3 g2 134.
f4 g1=Q 135. Na1 135... Qf1+ $1 {ein unangenehmes Schach} 136. Kc5 Qxf4 137.
Kd5 Bb2 138. Kc6 138... Bxa1 {Droht Matt: Qc4} 139. Kd7 Qf7+ 140. Kd6 Be5+ 141.
Kc6 141... a1=Q $1 {triumphiert} 142. Kb5 Qd5+ 143. Kb6 Qaa5# 0-1

[Event "ICS rated bullet match"]
[Site "204.178.125.65"]
[Date "1999.11.19"]
[Round "?"]
[White "Hossa"]
[Black "ipkis"]
[Result "1-0"]
[WhiteElo "2427"]
[BlackElo "2306"]
[Annotator "Hiarcs 7.32 (22s)"]
[PlyCount "41"]
[EventDate "1999.??.??"]

1. e4 1... c5 {Opening = B83 - 6.Be2 ---} 2. Nf3 e6 3. d4 cxd4 4. Nxd4 Nc6 5.
Nc3 d6 6. Be2 Nf6 7. Bg5 Be7 8. O-O O-O 9. Bb5 $146 (9. Kh1 a6 (9... Bd7 10. f4
Nxd4 11. Qxd4 Bc6 12. Rad1 a6 13. Rd3 b5 14. Rg3 Kh8 15. a3 e5 16. Qe3 Nd7 17.
Rh3 exf4 18. Bxf4 Ne5 19. Bxe5 dxe5 20. Rf5 Bd7 21. Bg4 f6 22. Nd5 Rc8 23. c3
Rc4 24. Qe2 Be8 25. Rff3 Bf7 26. Bf5 g6 27. Qd2 Bxd5 28. Rxh7+ Kxh7 29. Rh3+
Kg8 30. Qh6 {1-0 Herzog,A-Wittmann,W/AUT-chT 1994/TD 94\03 (30)}) 10. f4 Qc7
11. Bf3 Bd7 12. Nb3 Rfd8 13. Qe1 h6 14. Bh4 Rac8 15. Bf2 b5 16. Rc1 Rb8 17. Be3
a5 18. Qg3 Kh8 19. Nd4 Nxd4 20. Bxd4 Bc6 21. Ne2 Ne8 22. e5 Bxf3 23. Rxf3 23...
Rbc8 {Palinkas,M-Pallag,S/HUN-chT2 1994/TD 94\03/1-0 (35)}) (9. Ndb5 a6 10.
Bxf6 gxf6 11. Nd4 Kh8 12. Kh1 Rg8 13. f4 Bd7 14. Bf3 Rc8 15. Nxc6 bxc6 16. Ne2
d5 17. f5 Qc7 18. c4 dxc4 19. Qd4 c5 20. Qxc4 Bd6 21. g3 Bb5 22. Qc2 exf5 23.
exf5 23... Rce8 {
Smyslov,V-Botvinnik,M/Wch18-NLD\URS (Moscow) 1948/MAINB/0-1 (41)}) 9... Bd7 10.
Nf3 a6 11. Be2 Qc7 12. Qd2 Rfd8 13. Rfd1 Be8 14. Qf4 $11 (14. a4 14... Qb6 $14)
14... Ne5 15. Rab1 $15 (15. Nxe5 $5 {sieht spielbar aus} 15... dxe5 16. Qg3 $11
) 15... b5 16. a3 16... Rac8 $11 (16... h6 17. Bxf6 Bxf6 18. Nd4 $15) 17. Nxe5
dxe5 18. Qh4 $15 (18. Qg3 Bc6 19. Bh6 19... Bf8 $11) 18... h6 19. Bxh6 $2 $19 (
19. Bxf6 $142 {damit waere Weiss im Spiel geblieben} 19... Bxf6 20. Qg4 $15)
19... gxh6 20. Qxh6 20... Rd2 $4 $18 {ein schwacher Zug, der den Gewinn vergibt
} (20... Nh7 $19 $142 {Schwarz haette nun das bessere Spiel}) 21. Rxd2 (21.
Rxd2 Nh7 22. Rd3 $18) 1-0

[Event "ICS rated bullet match"]
[Site "204.178.125.65"]
[Date "1999.11.19"]
[Round "?"]
[White "Turbofish"]
[Black "Hossa"]
[Result "0-1"]
[WhiteElo "2110"]
[BlackElo "2446"]
[Annotator "Hiarcs 7.32 (22s)"]
[PlyCount "50"]
[EventDate "1999.??.??"]

1. e4 1... e5 {Opening = C27 - 3.Bc4 Ne4} 2. Nc3 Nf6 3. Bc4 Nxe4 4. Qh5 Nd6 5.
Bb3 Nc6 6. Nb5 $1 $146 {bleibt am Druecker} (6. d3 g6 7. Qf3 Bg7 8. Ne4 O-O 9.
Bg5 Nd4 10. Bxd8 Nxf3+ 11. Nxf3 Rxd8 12. Nxd6 cxd6 13. Ng5 Rf8 14. Ne4 b6 15.
Nxd6 Ba6 16. Bd5 Rab8 17. O-O e4 18. Nxe4 Bxb2 19. Rab1 Bg7 20. Rfe1 Bb7 21.
Bxb7 Rxb7 22. c4 d6 23. Re2 Rd7 24. Rb5 d5 25. Rxd5 Rxd5 26. cxd5 Rd8 27. d6
Be5 28. g3 f5 29. Ng5 Bxd6 30. Re6 Bc5 31. Rc6 Bd6 32. Kf1 h6 33. Nf3 Kf7 34.
Nd4 Be7 35. Nf3 Bd6 36. Nd4 Bb8 37. Rc4 Rd7 38. Ke2 Bd6 39. Nb5 Be5 40. f4
40... Bf6 {Zsifkovits,P-Posch,W/Donau op 1992/TD 92\04/1-0 (60)}) 6... g6 $18 (
6... Ke7 7. d4 g6 8. Qh4+ f6 9. dxe5 Nxe5 10. Nxd6 10... cxd6 $18) 7. Qf3 Nf5
8. Qd5 {Droht Matt} 8... Nh6 9. d4 d6 10. dxe5 $4 $11 {
danach wendet sich das Blatt} (10. Bxh6 $142 {
und aller Vorteil laege nun bei Weiss} 10... Be6 11. Qf3 Bxh6 12. d5 Bxd5 13.
Bxd5 $18) 10... Be6 11. Qe4 dxe5 12. Bxe6 fxe6 13. Nf3 Nf7 14. O-O $15 (14. Bd2
a6 15. Nc3 15... Bg7 $11) 14... Bd6 $11 (14... Bg7 15. Be3 Nd6 16. Qa4 $15) 15.
Be3 O-O 16. Rad1 Qf6 17. h3 17... a6 {
Schwarz entwickelt eine toedliche Initiative} 18. Nc3 Qf5 19. g4 Qf6 20. Kg2
Bb4 21. Nh2 $17 (21. g5 $5 $142 {ist zu beachten} 21... Qe7 22. Ne2 $15) 21...
Bxc3 22. bxc3 Nd6 23. Qf3 Qg7 24. Qe2 Rf7 (24... e4 25. Bd4 Qh6 26. Be3 $17)
25. Bc5 (25. Nf3 25... h6 $17) 25... Nb5 (25... Nb5 26. Rd3 26... Rf4 $17) 0-1